The Stories of Thomas / (Record no. 6277)

MARC details
000 -LEADER
fixed length control field 00540nam a22001817a 4500
003 - CONTROL NUMBER IDENTIFIER
control field GBCCL
005 - DATE AND TIME OF LATEST TRANSACTION
control field 20241126110559.0
008 - FIXED-LENGTH DATA ELEMENTS--GENERAL INFORMATION
fixed length control field 180508b ||||| |||| 00| 0 eng d
040 ## - CATALOGING SOURCE
Transcribing agency gbc
082 ## - DEWEY DECIMAL CLASSIFICATION NUMBER
Classification number 232
Item number SMI
100 ## - MAIN ENTRY--PERSONAL NAME
Personal name Smith, Oswald J.
Dates associated with a name 1889 - 1986
9 (RLIN) 11244
245 #4 - TITLE STATEMENT
Title The Stories of Thomas /
Statement of responsibility, etc. Oswald J. Smith [Illustrated by Cyril L. Carden]
250 ## - EDITION STATEMENT
Edition statement 4th impression
260 ## - PUBLICATION, DISTRIBUTION, ETC.
Name of publisher, distributor, etc. Marshall, Morgan and Scott,
Place of publication, distribution, etc. London:
Date of publication, distribution, etc. 1969
300 ## - PHYSICAL DESCRIPTION
Extent 92 p.;
Other physical details ill.,
Dimensions 19 cm.
650 ## - SUBJECT ADDED ENTRY--TOPICAL TERM
Topical term or geographic name entry element Jesus Christ
General subdivision Biography
9 (RLIN) 11245
942 ## - ADDED ENTRY ELEMENTS (KOHA)
Source of classification or shelving scheme Dewey Decimal Classification
Koha item type Books
Holdings
Withdrawn status Lost status Source of classification or shelving scheme Damaged status Not for loan Home library Current Library Shelving location Date acquired Total checkouts Full call number Barcode Date last seen Copy number Price effective from Koha item type
    Dewey Decimal Classification     GRACE BIBLE COLLEGE GRACE BIBLE COLLEGE Theology 2018-05-08   232 SMI 001114 2025-05-01 c.1 2018-05-08 Books
    Dewey Decimal Classification     GRACE BIBLE COLLEGE GRACE BIBLE COLLEGE Theology 2018-05-08   232 SMI 008563 2025-05-01 c.2 2018-05-08 Books
© Grace Bible College Library 2025